NFL 1st Round Draft Players - Statistics

General Stats
  • This quiz has been taken 167 times
  • The average score is 10 of 32
Answer Stats
Hint Answer % Correct
1st, Cardinals Kyler Murray
99%
2nd, 49ers Nick Bosa
90%
6th, Giants Daniel Jones
63%
3rd, Jets Quinnen Williams
63%
11th, Bengals Jonah Williams
61%
5th, Buccaneers Devin White
51%
7th, Jaguars Josh Allen
51%
4th, Oakland Clelin Ferrell
40%
8th, Lions TJ Hockenson
36%
15th, Redskins Dwayne Haskins
34%
24th, Raiders Josh Jacobs
34%
25th, Ravens Marquise Brown
34%
10th, Steelers Devin Bush
32%
32nd, Patriots N'keal Harry
32%
12th, Packers Rashan Gary
29%
9th, Bills Ed Oliver
26%
16th, Panthers Brian Burns
24%
17th, Giants Dexter Lawrence
23%
30th, Giants Deandre Baker
21%
13th, Dolphins Christian Wilkins
20%
21st, Packers Darnell Savage
18%
26th, Redskins Montez Sweat
18%
20th, Broncos Noah Fant
18%
19th, Titans Jeffery Simmons
17%
14th, Falcons Chris Lindstrom
16%
18th, Vikings Garrett Bradbury
15%
23rd, Texans Tytus Howard
13%
28th, Chargers Jerry Tillery
12%
27th, Raiders Johnathan Abram
12%
29th, Seahawks LJ Collier
10%
22nd, Eagles Andre Dillard
9%
31st, Falcons Kaleb McGary
9%
No matching quizzes found
Score Distribution
Percent of People with Each Score
Percentile by Number Answered
Your Score History
You have not taken this quiz